000 00387cam a2200157ua 4500
041 _aeng
_h
082 _a823.308
_bDUM/BL
100 _aDumas, Alexandre .
245 _aBlack tulip /
_cAlaxandre Dumas.
_hTextual Documents
250 _a1 /
_b.
260 _aLondon :
_bJ M Dent and Sons Ltd ,
_c1960.
300 _a245 ;
_eAtlas.
504 _a
942 _cBK
999 _c5301
_d5301